South Park - Character Voices - PARKER or STONE? - Statistics

General Stats
  • This quiz has been taken 161 times
  • The average score is 17 of 25
Answer Stats
Question Answer % Correct
Eric Cartman Trey Parker
93%
Kenny McCormick Matt Stone
87%
Randy Marsh Trey Parker
87%
Kyle Broflovski Matt Stone
80%
Gerald Broflovski Matt Stone
80%
Butters Stotch Matt Stone
73%
Jesus Matt Stone
73%
Tweek Tweak Matt Stone
73%
Satan Trey Parker
73%
Officer Barbrady Trey Parker
73%
Mr. Mackey Trey Parker
73%
Timmy Burch Trey Parker
67%
Jimmy Valmer Trey Parker
67%
Mr. Hanky Trey Parker
67%
Craig Tucker Matt Stone
60%
Stan Marsh Trey Parker
60%
Clyde Donovan Trey Parker
60%
Mr Lu Kim Trey Parker
60%
Phillip Trey Parker
60%
Big Gay Al Matt Stone
53%
Dougie O'Connell Trey Parker
53%
Jimbo Kern Matt Stone
47%
Terrance Matt Stone
47%
Ned Gerblanski Trey Parker
47%
Mr. Garrison Trey Parker
40%
No matching quizzes found
Score Distribution
Percent of People with Each Score
Percentile by Number Answered
Your Score History
You have not taken this quiz